|
|
|
|
| LEADER |
00000nam a22000007a 4500 |
| 003 |
UAHC |
| 005 |
20251211112241.0 |
| 007 |
ta |
| 008 |
251211s2012 spa|||| |||| 00| 0 spa d |
| 020 |
|
|
|a 9788478291373
|
| 040 |
|
|
|a UAHC
|b spa
|c UAHC
|d UAHC
|
| 082 |
|
|
|a 570.15195
|b SA193
|
| 100 |
|
|
|a Samuels, Myra L.
|9 22628
|
| 245 |
|
|
|a Fundamentos de estadística para las ciencias de la vida
|c Myra L. Samuels, Jeffrey A Witmer, Andrew A Schaffner ; traducción Javier Portillo García ; revisión técnica MArtín Cera López.
|
| 250 |
|
|
|a Cuarta edición.
|
| 264 |
|
|
|a Madrid :
|b Pearson Educación,
|c 2012.
|
| 300 |
|
|
|a 631 páginas.
|
| 520 |
|
|
|a Este libro es un texto introductorio en Estadística, dirigido específicamente a estudiantes que se especializan en Ciencias. Sus principales objetivos son mostrar a los estudiantes cómo se utiliza el razonamiento estadístico en la investigación biológica, médica y agrícola, dotarles de la capacidad necesaria para realizar análisis estadísticos e interpretar los resultados, y destacar la importanciade aspectos estadísticos básicos como la aleatoriedad, las variablesde confusión y la función de la replicación independiente. Fundamentos de Estadística para las Ciencias de la Vida ha sido diseñado para cubrir la asignatura de Estadística que se ha implantado con los nuevos grados en primer curso para todas las carreras relacionadas con Salud y Medio Ambiente.
|
| 650 |
|
0 |
|a Biometría
|v Libros de texto
|9 22631
|
| 650 |
|
0 |
|a Estadística médica
|v Libros de texto
|9 22632
|
| 650 |
|
0 |
|a Agricultura
|x Estadísticas
|v Libros de texto
|9 22633
|
| 650 |
|
0 |
|a Ciencias de la vida
|9 22634
|
| 700 |
|
|
|a Witmer, Jeffrey A.
|9 22629
|e autor
|
| 700 |
|
|
|a Schaffner, Andrew A.
|9 22630
|e autor
|
| 900 |
|
|
|a 570.15195 SAM
|
| 942 |
|
|
|2 ddc
|c BK
|
| 952 |
|
|
|0 0
|1 0
|2 ddc
|4 0
|6 570_151950000000000_SAM
|7 0
|8 BAS
|9 101573
|a BC
|b BC
|c Reserva
|d 2025-12-11
|e Compra
|g 81025.00
|l 0
|o 570.15195 SAM
|p 1472507
|r 2025-12-11 11:23:44
|t 1
|w 2025-12-11
|x OC: 2339 / Factura Buscalibre Nº240254
|y BK
|A BE
|B TMED
|
| 999 |
|
|
|c 63256
|d 63256
|